Communes Limitrophes de Rouen - Statistiques

Statistiques générales
  • Ce quiz a été pris 619 fois
  • Le résultat moyen est 7 sur 12
Statistiques - réponses
Communes % Correct
Sud Le-Petit-Quevilly
87%
Nord-Ouest Mont-Saint-Aignan
81%
Sud Sotteville-lès-Rouen
75%
Nord Bois-Guillaume
74%
Est Darnétal
65%
Nord-Est Bihorel
64%
Ouest Canteleu
59%
Nord-Ouest Déville-lès-Rouen
59%
Sud-Ouest Le-Grand-Quevilly
43%
Sud-Est Bonsecours
35%
Est Saint-Léger-du-Bourg-Denis
14%
Nord-Est Saint-Martin-du-Vivier
13%
Aucun quiz correspondant
Distribution des résultats
% des personnes avec chaque résultat
Percentile par nombre de réponses
Votre historique - résultats
Vous n’avez pas pris ce quiz